| 000 | 01148nam0a22002771 4500 | ||
|---|---|---|---|
| 001 | rc\250266 | ||
| 005 | 20030307120737.5 | ||
| 010 |
_a5-8380-0121-6 _9290 |
||
| 035 | _a(NLR Aleph) 005509730 | ||
| 090 |
_a5393661 _c5393661 |
||
| 100 | _a20030307d1990 u |0rusy50 ca | ||
| 101 | 0 | _arus | |
| 102 | _aRU | ||
| 105 | _ay ||||||||| | ||
| 200 | 1 |
_aПроблемы языковой интерференции и двуязычия в практике обучения иностранному (неродному) языку _eМежвуз. сб. науч. тр. _fКаз. пед. ин-т им. Абая _g[Редкол.: Мамытбеков К.М. (отв. ред.) и др.] |
|
| 210 |
_aАлма-Ата _cКазПИ _d1990 |
||
| 215 |
_a78 с. _d20 |
||
| 300 | _aЧасть текста: каз. | ||
| 320 | _aБиблиогр. в конце ст. | ||
| 702 | 1 |
_aМамытбеков _bК. М. _gКуламкадыр М. _4340 |
|
| 712 | 0 | 2 |
_aКазахский пед. ун-т им. Абая _cАлма-Ата _3RU\NLR\AUTH\889922154 |
| 801 | 0 |
_aRU _bNLR _gpsbo |
|
| 801 | 1 |
_aRU _bELAR _2rusmarc |
|
| 852 |
_aNLR _j91-4/284 |
||
| 942 | _cBOOK | ||
| 980 | _aNB | ||